| 000 | 00590nam a2200217Ia 4500 | ||
|---|---|---|---|
| 003 | OSt | ||
| 005 | 20220928101816.0 | ||
| 006 | a|||||r|||| 00| 0 | ||
| 007 | ta | ||
| 008 | 220927b |||||||| |||| 00| 0 eng d | ||
| 024 | _a39015 | ||
| 037 | _cReference Collections | ||
| 040 |
_aSDCL _cSDCL _beng |
||
| 041 |
_2eng _aeng |
||
| 082 | _aX9w2, N3, M0 RR | ||
| 245 | 0 | _aPROMINENT INDUSTRIALISTS who's who. | |
| 260 |
_aNew Delhi _bHero Publication _c1980 |
||
| 300 |
_a128p _ccm. |
||
| 942 |
_hX9w2, N3, M0 RR _cREF _2CC |
||
| 999 |
_c710949 _d710949 |
||